000 00977nam a2200265Ia 4500
003 OSt
005 20220930190118.0
006 a|||||r|||| 00| 0
007 ta
008 220926b |||||||| |||| 00| 0 hin d
020 _a8170162203 (hbk)
_c450
024 _a1075
037 _bB281, 24/01/2009, Bharat Pustak Bhandar
_cTextbook
040 _aCRL
_cCRL
_bhin
041 _2hin
_ahin
082 _aO152,3N12w, N4
100 _aशर्मा, रामविलास
245 0 _aमेरे साक्षात्कार
246 _aKhel sirfa khel nahīan hai
260 _aनई दिल्ली,
_bकिताबघर प्रकाशन, भारत
_c1994
300 _a368पृ0
_ccm.
490 _aमेरे साक्षात्कार सीरीज़
942 _hO152,3N12w, N4
_cTB
_2CC
999 _c891647
_d891647